Match the Song to the Album (1960s) - Statistics

General Stats
  • This quiz has been taken 95 times
  • The average score is 16 of 25
Answer Stats
Hint Answer % Correct
"Whole Lotta Love" Led Zeppelin II
94%
"Light My Fire" The Doors
91%
"A Day in the Life" Sgt. Pepper’s Lonely Hearts Club Band
89%
"Here Comes the Sun" Abbey Road
88%
"God Only Knows" Pet Sounds
77%
"Pinball Wizard" Tommy
73%
"Eleanor Rigby" Revolver
71%
"My Girl" The Temptations Sing Smokey
71%
"Like a Rolling Stone" Highway 61 Revisited
70%
"All Along the Watchtower" Electric Ladyland
68%
"Son of a Preacher Man" Dusty in Memphis
67%
"Sympathy for the Devil" Beggars Banquet
64%
"Waterloo Sunset" Something Else by The Kinks
64%
"Purple Haze" Are You Experienced
62%
"I Wanna Be Your Dog" The Stooges
59%
"Gimme Shelter" Let It Bleed
58%
"White Rabbit" Surrealistic Pillow
55%
"Sunshine of Your Love" Disraeli Gears
53%
"Sunday Morning" The Velvet Underground & Nico
52%
"Baby Love" Where Did Our Love Go
50%
"Mrs. Robinson" Bookends
48%
"Subterranean Homesick Blues" Bringing It All Back Home
44%
"The Weight" Music from Big Pink
42%
"Time of the Season" Odessey and Oracle
36%
"Everyday People" Stand!
36%
No matching quizzes found
Score Distribution
Percent of People with Each Score
Percentile by Number Answered
Your Score History
You have not taken this quiz